| 000 | 00817nas a2200241 i 4500 | ||
|---|---|---|---|
| 001 | 182882 | ||
| 003 | ES-MaACL | ||
| 005 | 20250811072556.0 | ||
| 008 | 131122d19401957sp m| | ||pa d | ||
| 022 | _a1699-4183 | ||
| 080 | _a349.2(460)"19"(094) | ||
| 245 | 0 | 0 |
_aRecopilación legislativa / _cMinisterio de Trabajo. |
| 260 |
_aMadrid : _bMinisterio de Trabajo, Sección de Estudios y Publicaciones|, _c[1940?]-1957. |
||
| 300 |
_a3 v. ; _c25 cm. |
||
| 310 | _aMensual | ||
| 362 | 0 | _aAño 1 (1938)-1957. | |
| 515 | _aEl año de la designación cronológica corresponde al año de cobertura legislativa. | ||
| 650 | 0 | 4 |
_aDerecho laboral- _zEspaña _911726 |
| 710 | 1 |
_aEspaña. _bMinisterio de Trabajo _93924 |
|
| 852 |
_aES-MaACL _jC-16084-86 |
||
| 866 | 0 | _o1949-1951. | |
| 999 |
_c182882 _d182882 |
||